[Event "FSGM October"]
[Site "Budapest HUN"]
[Date "2003.10.12"]
[Round "9"]
[White "Taylor,T"]
[Black "Bui Vinh"]
[Result "0-1"]
[WhiteElo "2385"]
[BlackElo "2463"]

1.d4 d5 2.c4 e6 3.Nc3 c6 4.e3 Nf6 5.Nf3 Nbd7 6.Ne5 Bb4 7.Qb3 a5 8.Bd3 Nxe5
9.dxe5 Nd7 10.f4 Nc5 11.Qc2 b6 12.Be2 O-O 13.O-O Ba6 14.Nxd5 cxd5 15.a3 Bxc4
16.Bxc4 dxc4 17.Qxc4 Bd2 18.Rd1 Bxc1 19.Rxd8 Bxe3+ 20.Kf1 Rfxd8 21.Ke2 Bd4
22.Rb1 a4 23.Qb5 Nb3 24.Rd1 g6 25.h4 h5 26.Kf3 Bc5 27.Rxd8+ Rxd8 28.Qxa4 Nd4+
29.Ke4 Nf5 30.b4 Be3 31.g3 Bf2 32.Qa6 Rd2 33.a4 Nxg3+ 34.Kf3 Nf5 35.Kg2 Bxh4+
36.Kf3 Bf2 37.Kg2 Be3+ 38.Kf3 Rf2+ 39.Ke4 Rxf4+ 40.Kd3 Rxb4  0-1

[Event "EuTCh"]
[Site "Plovdiv BUL"]
[Date "2003.10.12"]
[Round "2"]
[White "Kelly,B"]
[Black "Godena,M"]
[Result "1/2-1/2"]
[WhiteElo "2487"]
[BlackElo "2523"]

1.d4 d5 2.c4 e6 3.Nc3 c6 4.e3 Nf6 5.Nf3 a6 6.b3 Bb4 7.Bd2 Nbd7 8.Bd3 Bd6
9.e4 dxc4 10.bxc4 e5 11.d5 Nc5 12.Bc2 O-O 13.O-O Bg4 14.h3 Bh5 15.Qe2 Nfd7
16.Rab1 Re8 17.Rfd1 Rc8 18.Rb2 Qe7 19.Qe3 f5 20.Rdb1 f4  1/2-1/2

[Event "EuTCh w"]
[Site "Plovdiv BUL"]
[Date "2003.10.12"]
[Round "2"]
[White "Peng Zhaoqin"]
[Black "Velcheva,M"]
[Result "0-1"]
[WhiteElo "2438"]
[BlackElo "2295"]

1.d4 d5 2.c4 c6 3.Nf3 Nf6 4.e3 e6 5.Nc3 Nbd7 6.Qc2 Bd6 7.Bd3 O-O 8.O-O dxc4
9.Bxc4 b5 10.Be2 a6 11.e4 e5 12.Rd1 Qc7 13.g3 Re8 14.a3 c5 15.dxe5 Nxe5 16.Bg5 Nxf3+
17.Bxf3 Bg4 18.Bxg4 Nxg4 19.Nd5 Qc6 20.Qe2 Ne5 21.f4 Ng6 22.f5 Ne5 23.f6 g6
24.Rf1 c4 25.Kg2 Nd3 26.Ne7+ Bxe7 27.fxe7 f5 28.b3 h6 29.Bxh6 Rxe7 30.bxc4 bxc4
31.Rab1 Rae8 32.Qf3 Rxe4 33.Kh3 Qd7 34.Kg2 Qh7  0-1

[Event "ch-Africa"]
[Site "Abuja NGR"]
[Date "2003.10.13"]
[Round "5"]
[White "Adly,A"]
[Black "El Gindy,E"]
[Result "0-1"]
[WhiteElo "2448"]
[BlackElo "2501"]

1.d4 Nf6 2.c4 c6 3.Nc3 d5 4.Nf3 e6 5.e3 Nbd7 6.Qc2 Bd6 7.g4 Bb4 8.Bd2 Qe7
9.Rg1 Bxc3 10.Bxc3 Ne4 11.Bd3 Nxc3 12.Qxc3 dxc4 13.Bxc4 O-O 14.g5 b5 15.Be2 Bb7
16.Rc1 Rfc8 17.Ne5 b4 18.Qc2 Nxe5 19.dxe5 c5 20.Rg4 Qc7 21.f4 Qc6 22.Kf2 c4
23.Rgg1 c3 24.bxc3 bxc3 25.Rg3 Qc5 26.Bd3 g6 27.h4 Rab8 28.Qe2 Ra8 29.Rgg1 Qc6
30.Rg3 Qc5 31.Qc2 Rab8 32.Qe2 Bc6 33.h5 Rb4 34.Ke1 Bb5 35.hxg6 hxg6 36.Bxb5 Rxb5
37.Rc2 Rcb8 38.Rg2 Rb1+ 39.Kf2 R8b2 40.Kf3 Qd5+ 41.e4 Qd4 42.Qa6 Qd1+ 43.Qe2 Qh1
44.Kg3 Rxc2 45.Qxc2 Rb2  0-1

[Event "HSK IM"]
[Site "Hamburg GER"]
[Date "2003.10.13"]
[Round "2"]
[White "Lindinger,M"]
[Black "Sebastian,D"]
[Result "0-1"]
[WhiteElo "2358"]
[BlackElo "2360"]

1.d4 d5 2.c4 e6 3.Nc3 c6 4.e3 Nf6 5.Nf3 Nbd7 6.Bd3 dxc4 7.Bxc4 b5 8.Bd3 Bb7
9.e4 b4 10.Na4 c5 11.e5 Nd5 12.O-O cxd4 13.Nxd4 g6 14.Qg4 Bg7 15.Nxe6 fxe6
16.Bg5 Ne7 17.Bb5 a6 18.Nc5 axb5 19.Nxb7 Nxe5 20.Qxe6 Qd7 21.Nd6+ Kf8 22.Qb3 Qxd6
23.Rfd1 Qc7 24.Rac1 Qb7 25.Qe6 Re8 26.Bf6 Nf5  0-1

[Event "EuTCh"]
[Site "Plovdiv BUL"]
[Date "2003.10.13"]
[Round "3"]
[White "Sakalauskas,V"]
[Black "Fressinet,L"]
[Result "1/2-1/2"]
[WhiteElo "2423"]
[BlackElo "2654"]

1.d4 d5 2.c4 e6 3.Nc3 c6 4.e3 Nf6 5.Nf3 Nbd7 6.Qc2 Bd6 7.Bd3 O-O 8.O-O dxc4
9.Bxc4 b5 10.Be2 Bb7 11.Rd1 Qc7 12.e4 e5 13.Bg5 Rfe8 14.dxe5 Bxe5 15.Nxe5 Qxe5
16.Be3 Qe7 17.f3 a6 18.Qd2 c5 19.Qd6 Rac8 20.Qxe7 Rxe7 21.Rd6 Re6 22.Rad1 Bc6
23.Bf1 h6 24.Ne2 Rxd6 25.Rxd6 Nb6 26.Nc3 Nfd7 27.Bf4 Kf8 28.Kf2 Ke7 29.Rd2 b4
30.Nd1 Bb5 31.Ne3 g6 32.Bxh6 Bxf1 33.Kxf1 c4 34.Bf4 a5 35.Ke2 Nc5 36.Rd6 Ne6
37.Rxb6 Nxf4+ 38.Kd2 c3+ 39.bxc3 Rxc3 40.Rb7+ Ke6 41.Rb6+ Ke7 42.Rb7+ Ke6
43.Rb6+ Ke7 44.Rb7+ Kf8 45.Rb8+ Kg7 46.Nd5 Nxd5 47.exd5 Kf6 48.a4 Ra3 49.Re8 Rxa4
50.d6 b3 51.Kc3 b2 52.d7 b1=Q 53.d8=Q+ Kg7 54.Rg8+ Kh7 55.Rh8+ Kg7 56.Qf8+ Kf6
57.Qd6+ Kg7 58.Qf8+ Kf6  1/2-1/2

[Event "EuTCh"]
[Site "Plovdiv BUL"]
[Date "2003.10.13"]
[Round "3"]
[White "Schroll,G"]
[Black "Bayram,Y"]
[Result "1-0"]
[WhiteElo "2417"]
[BlackElo "2306"]

1.d4 Nf6 2.c4 e6 3.Nc3 d5 4.Nf3 c6 5.e3 Nbd7 6.Qc2 Bd6 7.b3 O-O 8.Be2 Re8
9.O-O dxc4 10.bxc4 e5 11.a4 Qe7 12.Re1 e4 13.Nd2 Nf8 14.Qb3 Bg4 15.Ba3 Bxe2
16.Bxd6 Qxd6 17.Nxe2 Ng4 18.Ng3 c5 19.Qxb7 Rab8 20.Qd5 Qh6 21.h3 Nxf2 22.Kxf2 cxd4
23.Ndxe4 dxe3+ 24.Kg1 Rbd8 25.Qc5 Rd3 26.Rad1 Rxd1 27.Rxd1 Ne6 28.Qb5 Rf8
29.Qe5 Qf4 30.Qxf4 Nxf4 31.Re1 Ng6 32.Nf5 Ne5 33.Ned6 g6 34.Rxe3 Nd7 35.Re7 Nc5
36.Nh6+ Kg7 37.Nhxf7 Nxa4 38.Rxa7 Nc5 39.Ng5+ Kh6 40.Ndf7+ Kh5 41.g4+ Kh4
42.Kg2  1-0

[Event "EuTCh"]
[Site "Plovdiv BUL"]
[Date "2003.10.14"]
[Round "4"]
[White "Kozul,Z"]
[Black "Graf,A"]
[Result "1/2-1/2"]
[WhiteElo "2597"]
[BlackElo "2646"]

1.d4 d5 2.c4 c6 3.e3 Nf6 4.Nc3 e6 5.Nf3 Nbd7 6.Bd3 dxc4 7.Bxc4 b5 8.Bd3 Bd6
9.O-O O-O 10.e4 e5 11.Ne2 Re8 12.Qc2 Bb7 13.dxe5 Nxe5 14.Nxe5 Bxe5 15.f4 Bd4+
16.Kh1 c5 17.e5 c4 18.Bf5 g6 19.Nxd4 Qxd4 20.Bh3 Ne4 21.Qe2 f5 22.Be3 Qd5
23.Rfd1 Qc6 24.Qe1 Red8 25.Rac1 Nc5 26.Bxc5 Qxc5 27.Qh4 Qb6 28.Qe7 Re8 29.Qg5 Be4
30.Rd6 Qc7 31.Rcd1 Re7 32.Kg1 Rae8 33.g4 Qc5+ 34.R1d4 fxg4 35.Bxg4 b4 36.Be2 Bd3
37.Bxd3 cxd3 38.Kg2 Qc2+ 39.Kg3 Qe2 40.Rxd3 Qe1+ 41.Kg2 Qe2+ 42.Kg3 Qe1+
43.Kg2 Qe2+ 44.Kg3 Qe1+  1/2-1/2

[Event "Femida"]
[Site "Kharkov UKR"]
[Date "2003.10.15"]
[Round "9"]
[White "Dvoretska,O"]
[Black "Doluhanova,E"]
[Result "1/2-1/2"]
[WhiteElo "2212"]
[BlackElo "2175"]

1.d4 d5 2.c4 e6 3.Nc3 Nf6 4.e3 c6 5.Nf3 Nbd7 6.Qc2 Bd6 7.g4 Nxg4 8.Rg1 Qf6
9.Rxg4 Qxf3 10.Rxg7 Nf8 11.Rg1 Bxh2 12.Be2 Qf6 13.Rh1 Bd6 14.Bd2 Ng6 15.O-O-O Bd7
16.Kb1 Qxf2 17.Bd3 O-O-O 18.cxd5 exd5 19.Nxd5 Kb8 20.Rdf1 Qg2 21.Nf6 Bc8
22.Rfg1 Qf3 23.Rf1 Qg2 24.Rfg1 Qf3 25.Rf1  1/2-1/2

[Event "ch-Africa"]
[Site "Abuja NGR"]
[Date "2003.10.17"]
[Round "9"]
[White "Adly,A"]
[Black "Campos,E"]
[Result "1-0"]
[WhiteElo "2448"]
[BlackElo "2249"]

1.d4 Nf6 2.c4 e6 3.Nc3 d5 4.Nf3 c6 5.e3 Nbd7 6.Qc2 Bd6 7.g4 Nxg4 8.Rg1 h5
9.h3 Nh6 10.e4 dxe4 11.Nxe4 Bb4+ 12.Bd2 Bxd2+ 13.Qxd2 Nf6 14.Bd3 Nf5 15.Qf4 Nxe4
16.Bxe4 Qd6 17.Qd2 Kf8 18.O-O-O f6 19.Rg6 Bd7 20.Rdg1 Qe7 21.Bxf5 exf5 22.Rxg7 Qxg7
23.Rxg7 Kxg7 24.Qb4 Rhd8 25.Qe7+ Kg8 26.Qxf6 Be8 27.Nh4 Rd7 28.Nxf5 Rad8
29.Kd2 Kh7 30.Qh6+ Kg8 31.Ke3 Rc7 32.Qg5+  1-0

[Event "EuTCh"]
[Site "Plovdiv BUL"]
[Date "2003.10.17"]
[Round "6"]
[White "Lautier,J"]
[Black "Acs,P"]
[Result "0-1"]
[WhiteElo "2666"]
[BlackElo "2593"]

1.d4 d5 2.c4 c6 3.Nc3 Nf6 4.e3 e6 5.Nf3 Nbd7 6.Bd3 dxc4 7.Bxc4 b5 8.Bd3 a6
9.e4 c5 10.e5 cxd4 11.Nxb5 axb5 12.exf6 gxf6 13.O-O Qb6 14.Qe2 b4 15.Rd1 Bc5
16.a4 bxa3 17.bxa3 Bb7 18.Be4 Ba6 19.Qe1 Rd8 20.Bd2 Qd6 21.Ba5 Rb8 22.Bb4 d3
23.Qc3 Ke7 24.Qd4 Bxd4 25.Bxd6+ Kxd6 26.Nxd4 Nc5 27.Bf3 Rhc8 28.Rac1 Na4
29.h3 Nc3 30.Rd2 Ke5 31.Nc6+ Rxc6 32.Bxc6 Ne2+ 33.Rxe2+ dxe2 34.Bf3 Kd4 35.Re1 Rb2
36.Bh5 Kd3 37.f4 Ke3 38.Bxf7 Bd3  0-1

[Event "1st Samba Cup"]
[Site "Skanderborg DEN"]
[Date "2003.10.17"]
[Round "7"]
[White "Palo,D"]
[Black "Nielsen,PH"]
[Result "0-1"]
[WhiteElo "2510"]
[BlackElo "2626"]

1.d4 d5 2.c4 c6 3.Nf3 Nf6 4.Nc3 e6 5.e3 Nbd7 6.Qc2 Bd6 7.g4 Bb4 8.Bd2 Qe7
9.Rg1 Bxc3 10.Bxc3 Ne4 11.cxd5 exd5 12.Bd3 O-O 13.O-O-O Re8 14.Be1 c5 15.Kb1 c4
16.Bxe4 dxe4 17.Ne5 Nxe5 18.dxe5 Qxe5 19.Qxc4 Qxh2 20.Bc3 Be6 21.Qd4 Qh6
22.g5 Qg6 23.Ka1 b6 24.Qd6 Rac8 25.Kb1 a5 26.Ka1 b5 27.Bxa5 Ra8 28.Qb4 Bxa2
29.Kxa2 Qb6 30.Rd6 Rxa5+ 31.Kb3 Qc7 32.Rgd1 Rc8 33.Qc3 Ra3+ 34.Kxa3 Qa7+  0-1

[Event "EuTCh"]
[Site "Plovdiv BUL"]
[Date "2003.10.18"]
[Round "7"]
[White "Beliavsky,A"]
[Black "Acs,P"]
[Result "1-0"]
[WhiteElo "2667"]
[BlackElo "2593"]

1.d4 d5 2.c4 c6 3.Nf3 Nf6 4.Nc3 e6 5.e3 Nbd7 6.Qc2 Bd6 7.Be2 O-O 8.O-O dxc4
9.Bxc4 e5 10.Rd1 Qe7 11.e4 exd4 12.Nxd4 Ne5 13.Bf1 Ng6 14.g3 Bc5 15.f3 Ne5
16.Kg2 Rd8 17.Be3 Nxf3 18.Kxf3 Bg4+ 19.Kg2 Bxd1 20.Rxd1 Ng4 21.Bg1 Rxd4 22.Rxd4 Bxd4
23.Bxd4 b5 24.Ne2 c5 25.Qxc5 Qxe4+ 26.Kg1 a6 27.h3 Nf6 28.Bg2 Qb1+ 29.Kh2 Re8
30.Nf4 Qxa2 31.Bxf6 gxf6 32.Qc6 Re6 33.Qc8+ Kg7 34.Nh5+ Kh6 35.Qg8 Kxh5 36.Qxh7+ Kg5
37.Qg7+  1-0

[Event "300 Years Women"]
[Site "St Petersburg RUS"]
[Date "2003.10.18"]
[Round "1"]
[White "Lupik,M"]
[Black "Dorofeeva,A"]
[Result "0-1"]
[WhiteElo "2101"]
[BlackElo "2292"]

1.d4 d5 2.c4 c6 3.Nc3 Nf6 4.e3 e6 5.Nf3 Be7 6.Bd3 dxc4 7.Bxc4 b5 8.Bd3 b4
9.Na4 Nbd7 10.e4 Bb7 11.e5 Nd5 12.O-O Rc8 13.Bd2 c5 14.Rc1 cxd4 15.Rxc8 Qxc8
16.Re1 O-O 17.Nxd4 Rd8 18.Qg4 Nf8 19.Bh6 Ng6 20.Bg5 Bxg5 21.Qxg5 Ndf4 22.Bxg6 Rxd4
23.Bb1 Bxg2 24.Qg3 Qc6 25.h4 Ne2+  0-1

[Event "300 Years Women"]
[Site "St Petersburg RUS"]
[Date "2003.10.18"]
[Round "1"]
[White "Ubiennykh,E"]
[Black "Egorova,Ek"]
[Result "1-0"]
[WhiteElo "2317"]
[BlackElo "2121"]

1.d4 d5 2.c4 e6 3.Nc3 c6 4.Nf3 Nf6 5.e3 Nbd7 6.Qc2 Bd6 7.g4 Nxg4 8.Rg1 Nxh2
9.Nxh2 Bxh2 10.Rxg7 Bd6 11.Bd2 Nf6 12.O-O-O Bf8 13.Rg1 Bd7 14.f3 Qb6 15.c5 Qc7
16.Be1 b6 17.Bh4 Be7 18.Na4 b5 19.Nc3 a5 20.a4 b4 21.Nb1 Bc8 22.Bg3 Qd7 23.Be5 Ba6
24.Bxa6 Rxa6 25.Rg7 Qb7 26.Qh2 Ra8 27.Qf4 Bf8 28.Qxf6 Bxg7 29.Qxg7  1-0

[Event "300 Years"]
[Site "St Petersburg RUS"]
[Date "2003.10.18"]
[Round "1"]
[White "Kiselev,S"]
[Black "Najer,E"]
[Result "0-1"]
[WhiteElo "2415"]
[BlackElo "2608"]

1.d4 d5 2.c4 c6 3.Nc3 e6 4.e3 Nf6 5.Nf3 a6 6.Qc2 c5 7.cxd5 exd5 8.Be2 cxd4
9.exd4 Nc6 10.Bg5 Be7 11.Rd1 h6 12.Bh4 Nh5 13.Bxe7 Nxe7 14.Ne5 Nf4 15.O-O O-O
16.Bf3 Qd6 17.Qb3 Bf5 18.Rfe1 b5 19.Ne2 Ne6 20.Nc3 Rfd8 21.Bh5 g6 22.Bf3 h5
23.Ne2 Rac8 24.Rd2 Kg7 25.h3 f6 26.Nd3 Be4 27.Nc5 Bxf3 28.Nb7 Qd7 29.Nxd8 Ng5
30.Nf4 Rxd8 31.gxf3 Nf5 32.Rde2 Kh6 33.Ne6 Nxf3+ 34.Kg2 Ng5 35.f4 Nxe6 36.Rxe6 Nxd4
37.Qe3 Nxe6 38.f5+ Ng5  0-1

[Event "300 Years"]
[Site "St Petersburg RUS"]
[Date "2003.10.18"]
[Round "1"]
[White "Klimov,S"]
[Black "Rumiantsev,An"]
[Result "1-0"]
[WhiteElo "2512"]
[BlackElo "2282"]

1.d4 d5 2.c4 e6 3.Nc3 c6 4.e3 Nf6 5.Nf3 Nbd7 6.Bd3 dxc4 7.Bxc4 b5 8.Bd3 a6
9.e4 c5 10.d5 e5 11.b3 c4 12.bxc4 bxc4 13.Bc2 Bb4 14.Bd2 Qa5 15.Ne2 c3 16.Be3 Ba3
17.O-O O-O 18.Rb1 Bc5 19.Qd3 Bxe3 20.Qxe3 Ng4 21.Qxc3 Qxc3 22.Nxc3 Ra7 23.d6 Bb7
24.Rfc1 Rc8 25.Bb3 h6 26.Nd5 Rc5 27.Rxc5 Nxc5 28.Rc1 Nxb3 29.d7 Ra8 30.axb3 Kf8
31.Rc7 Bxd5 32.Rc8+  1-0

[Event "EuTCh"]
[Site "Plovdiv BUL"]
[Date "2003.10.19"]
[Round "8"]
[White "Banikas,H"]
[Black "Luther,T"]
[Result "1/2-1/2"]
[WhiteElo "2522"]
[BlackElo "2580"]

1.d4 e6 2.Nf3 d5 3.c4 Nf6 4.Nc3 c6 5.e3 Nbd7 6.Qc2 Bd6 7.Bd3 O-O 8.O-O dxc4
9.Bxc4 a6 10.Rd1 b5 11.Be2 c5 12.dxc5 Bxc5 13.Ne4 Nxe4 14.Qxe4 Ra7 15.b4 Bb7
16.Qf4 Bxf3 17.Bxf3 Be7 18.Bb2 Bf6 19.Bxf6 Qxf6 20.a4 bxa4 21.Rxa4 Nb6 22.Ra2 Qxf4
23.exf4 Rb8 24.Ra5 Nd5 25.Bxd5 exd5 26.Rdxd5 g6 27.Ra4 Rab7 28.Rxa6 Rxb4
29.g3 R4b5 30.Rd7 R5b7 31.Rdd6 Kg7 32.Kg2 Rb2 33.h4 h5 34.f5 gxf5 35.Rh6  1/2-1/2

[Event "EuTCh"]
[Site "Plovdiv BUL"]
[Date "2003.10.19"]
[Round "8"]
[White "Butnorius,A"]
[Black "Flear,G"]
[Result "1/2-1/2"]
[WhiteElo "2424"]
[BlackElo "2516"]

1.d4 d5 2.c4 e6 3.Nf3 Nf6 4.Nc3 c6 5.e3 Nbd7 6.Qc2 Bd6 7.Be2 O-O 8.O-O Re8
9.Rd1 Qe7 10.h3 h6 11.a3 dxc4 12.Bxc4 e5 13.Nh4 Nf8 14.Nf5 Bxf5 15.Qxf5 e4
16.h4 g6 17.Qh3 N8d7 18.Bd2 Nb6 19.Bb3 Rad8 20.Rac1 h5 21.Be1 Kg7 22.Na4 Nxa4
23.Bxa4 Nd5 24.Ba5 Rc8 25.Bb3 f5 26.g3 Rf8 27.Rc2 Qf7 28.Kh1 Rce8 29.Rdc1 Re7
30.Bb4 Bxb4 31.axb4 a6 32.Rc5 Nf4 33.gxf4 Qxb3 34.Rg1 Kh7 35.Qg3 Rg7 36.Re5 Rf6
37.Qg5 Qf7 38.Rc1 Rd6 39.b5 axb5 40.Ra1 Rd5 41.Ra8 Rxe5 42.fxe5 Qe7 43.Qxe7 Rxe7
44.Kg2 Kg7 45.Kg3 Kf7 46.Kf4 Re8 47.Ra7 Rb8 48.b3 b4 49.Ra1 Rd8 50.Ra5 Rc8
51.Ra7 Rb8 52.Ra1 Rd8 53.Ra7  1/2-1/2

[Event "EuTCh"]
[Site "Plovdiv BUL"]
[Date "2003.10.19"]
[Round "8"]
[White "Van der Stricht,G"]
[Black "Haznedaroglu,K"]
[Result "1/2-1/2"]
[WhiteElo "2468"]
[BlackElo "2305"]

1.d4 d5 2.c4 c6 3.Nc3 Nf6 4.e3 e6 5.Nf3 Nbd7 6.Bd3 dxc4 7.Bxc4 b5 8.Bd3 Bd6
9.e4 e5 10.dxe5 Nxe5 11.Nxe5 Bxe5 12.f4 Bc7 13.e5 Ng8 14.Qf3 Bd7 15.O-O Ne7
16.Re1 Qb8 17.Ne4 Be6 18.Be3 h6 19.Bc5 Bb6 20.Nd6+ Kd7 21.Ne4 Kc7 22.Kh1 Bxc5
23.Nxc5 Qc8 24.Be4 Rd8 25.a4 a6 26.Qc3 Kb6 27.Qe3 Kc7 28.Nxe6+ Qxe6 29.axb5 axb5
30.Ra7+ Rxa7 31.Qxa7+ Kc8 32.h3 Rd2 33.Ra1 Rd8 34.Qb6 Kd7 35.Rd1+ Nd5 36.Bxd5 cxd5
37.Qxb5+ Ke7 38.Qc5+ Ke8 39.b4 g5 40.fxg5 hxg5 41.Qd4 g4 42.hxg4 Rc8 43.g5 Rc4
44.Qxd5 Qxd5 45.Rxd5 Rxb4 46.Kh2 Ke7 47.Kg3 Ke6 48.Rd6+ Kf5 49.Rf6+ Kxg5
50.Rxf7 Rb3+ 51.Rf3 Rb6 52.Re3 Re6 53.Re1 Kf5 54.Rf1+ Kg5 55.Re1 Kf5 56.Kf3 Kg5
57.Ke4 Kg6 58.Kd5 Kf7 59.Rf1+ Ke7 60.Ra1 Rg6 61.Ra7+ Ke8 62.Ra2 Ke7 63.Ke4 Rg8
64.Rb2 Ke6 65.Re2 Rg4+ 66.Kf3 Rg5 67.Kf4 Rf5+ 68.Kg4 Rf8 69.g3 Rg8+ 70.Kf4 Rf8+
71.Ke4 Rf5 72.Kd4 Rg5 73.Re3 Rg4+ 74.Kd3 Rg5 75.Kd4 Rg4+ 76.Re4 Rxg3 77.Rf4 Rg1
78.Rf6+ Ke7 79.Ra6 Rd1+ 80.Ke4 Re1+ 81.Kf5 Rf1+ 82.Ke4 Re1+ 83.Kf5 Rf1+ 84.Ke4 Re1+  1/2-1/2

[Event "300 Years"]
[Site "St Petersburg RUS"]
[Date "2003.10.19"]
[Round "2"]
[White "Alavkin,A"]
[Black "Yevseev,D"]
[Result "1/2-1/2"]
[WhiteElo "2485"]
[BlackElo "2592"]

1.d4 d5 2.c4 e6 3.Nc3 c6 4.e3 Nf6 5.Nf3 Nbd7 6.Bd3 dxc4 7.Bxc4 b5 8.Bd3 Bb7
9.e4 b4 10.Na4 c5 11.e5 Nd5 12.O-O cxd4 13.Nxd4 Nxe5 14.Bb5+ Nd7 15.Re1 Rc8
16.Qg4 Nf6 17.Qe2 Be7 18.Bg5 Bd5 19.Rad1 O-O 20.Nf5 h6 21.Nxe7+ Qxe7 22.Rxd5 hxg5
23.Rxg5 Rc7 24.Qe3 Qd6 25.Bxd7 Nxd7 26.Rxg7+  1/2-1/2

[Event "EuTCh"]
[Site "Plovdiv BUL"]
[Date "2003.10.20"]
[Round "9"]
[White "Bistric,F"]
[Black "Gengler,P"]
[Result "1-0"]
[WhiteElo "2503"]
[BlackElo "2149"]

1.c4 e6 2.Nc3 d5 3.d4 c6 4.e3 Nf6 5.Nf3 Nbd7 6.Qc2 Bd6 7.Be2 O-O 8.O-O Re8
9.Rd1 Qc7 10.e4 dxe4 11.Nxe4 Nxe4 12.Qxe4 e5 13.Bg5 f5 14.Qh4 e4 15.c5 Bf8
16.Bc4+ Kh8 17.Bf4 Qa5 18.Ng5 h6 19.Rac1 Nf6 20.Be5 Ng4 21.Qh5 Rxe5 22.dxe5 Qc7
23.Qf7 Qxf7 24.Nxf7+ Kh7 25.h3 Nxf2 26.Kxf2 Bxc5+ 27.Kf1 f4 28.Rd8 b6 29.Rcd1 f3
30.Rh8+ Kg6 31.Rdd8 Be6 32.Bxe6  1-0

[Event "300 Years"]
[Site "St Petersburg RUS"]
[Date "2003.10.20"]
[Round "3"]
[White "Dobrov,V"]
[Black "Vysochin,S"]
[Result "0-1"]
[WhiteElo "2492"]
[BlackElo "2584"]

1.d4 d5 2.c4 c6 3.Nc3 Nf6 4.e3 e6 5.Nf3 a6 6.Bd2 c5 7.dxc5 Bxc5 8.Rc1 dxc4
9.Bxc4 O-O 10.a3 b5 11.Ba2 Nbd7 12.O-O Bb7 13.Qe2 Qb8 14.h3 Rc8 15.Rfd1 h6
16.Be1 Nb6 17.Nd4 Nbd5 18.Nb3 Bb6 19.Bb1 Qe5 20.Nxd5 Bxd5 21.Rxc8+ Rxc8 22.Nd4 Bxd4
23.Rxd4 Rc1 24.Bc2 Qc7 25.Bd1 e5 26.Rd2 Bc4 27.Qf3 e4 28.Qg3 Qxg3 29.fxg3 Bd3
30.Kf2 Nd7 31.Be2 Ne5 32.Rd1 Rc2 33.Rd2 Rc1 34.Rd1 Rc2 35.Rd2 Rxd2 36.Bxd2 Bxe2
37.Kxe2 Nd3 38.Bc3 h5 39.Kd1 f6 40.Kd2 Kf7 41.Kd1 Ke6 42.Kd2 Kd5 43.Kc2 Nc5
44.Bd4 Nb7 45.Bc3 Nd6 46.Be1 Nc4 47.Bf2 a5 48.Kb3 Kc5 49.Kc3 g5 50.b4+ axb4+
51.axb4+ Kd5 52.Kb3 Ke5 53.Kc3 Nb6 54.Kc2 Nd5 55.Kb3 f5 56.Bg1 Kf6 57.Bf2 Ke6
58.Bg1 Ke5 59.Bf2 f4 60.gxf4+ gxf4 61.exf4+ Kxf4 62.Be1 Ke3 63.Bh4 Ke2 64.Bg5 Kf2
65.g4 hxg4 66.hxg4 Kf3 67.Kc2 Kxg4 68.Bd2 Kf3 69.Be1 Nf4 70.Bh4 e3 71.Kc3 Ng2
72.Bg5 e2  0-1

[Event "300 Years Women"]
[Site "St Petersburg RUS"]
[Date "2003.10.21"]
[Round "4"]
[White "Ushenina,A"]
[Black "Miednikova,S"]
[Result "1/2-1/2"]
[WhiteElo "2311"]
[BlackElo "2153"]

1.d4 d5 2.c4 e6 3.Nf3 Nf6 4.Nc3 c6 5.e3 Be7 6.Qc2 O-O 7.Bd3 Nbd7 8.O-O Qc7
9.e4 dxe4 10.Nxe4 Nxe4 11.Bxe4 f5 12.Bd3 Bf6 13.Re1 c5 14.Qe2 Nb6 15.Be3 Bd7
16.b3 Rae8 17.dxc5 Nc8 18.Rad1 e5 19.Bb1 e4 20.Nd4 Be5 21.Qh5 g6 22.Qh4 Bf6
23.Bg5 Bxg5 24.Qxg5 Re5 25.Ne2 Be6 26.Nf4 Bf7 27.h4 Qxc5 28.h5 Qe7 29.Qxe7 Rxe7
30.hxg6 hxg6 31.Rd4 Kg7 32.Red1 Nb6 33.c5 Na8 34.Rd7 Rfe8 35.Kf1 Nc7 36.Ne2 Na6
37.Rxe7 Rxe7 38.Rc1 Rc7 39.Nd4 Rxc5 40.Rd1 Rc7 41.Nb5 Rc5 42.Nxa7 Nb4 43.g4 Nd5
44.gxf5 gxf5 45.Kg2 Be6 46.a4 Nc3 47.Rd6 Bxb3 48.Rd7+ Kf6 49.Rxb7 Bxa4 50.Kg3 Nxb1
51.Rxb1 Ke5 52.Rb4 f4+ 53.Kg2 Bd7 54.Rb7 Rd5 55.Rb2 Ra5 56.Rb7 Kd6 57.Kg1 f3
58.Kh2 Rg5 59.Rb4 Rg2+ 60.Kh1 Ke5 61.Rb7 Kd6 62.Rb4 Rxf2 63.Rxe4 Ra2  1/2-1/2

[Event "300 Years Women"]
[Site "St Petersburg RUS"]
[Date "2003.10.22"]
[Round "5"]
[White "Kononenko,T"]
[Black "Dorofeeva,A"]
[Result "1/2-1/2"]
[WhiteElo "2343"]
[BlackElo "2292"]

1.d4 d5 2.c4 c6 3.Nf3 Nf6 4.e3 e6 5.Nc3 Nbd7 6.Qc2 Bd6 7.Bd3 O-O 8.O-O dxc4
9.Bxc4 a6 10.a3 c5 11.dxc5 Bxc5 12.b4 Bd6 13.Bb2 b5 14.Ne4 Bxh2+ 15.Nxh2 bxc4
16.Rfd1 Qe7 17.Qc3 Rd8 18.Ng4 Ne8 19.Nd6 Ndf6 20.Nxf6+ Nxf6 21.Ne4 Bb7 22.Nxf6+ Qxf6
23.Qxf6 gxf6 24.Bxf6 Rd5 25.Rd4 Rxd4 26.Bxd4 Rd8 27.Rc1 Rc8 28.f3 f5 29.Kf2 Kf7
30.Kg3 Rg8+ 31.Kf4 Rxg2 32.Rxc4 Bd5 33.Rc7+ Ke8 34.Rxh7 Ra2 35.e4 Bb3 36.Rc7 fxe4
37.fxe4 Rc2 38.Ra7 Bc4 39.Ke5 Re2 40.Rh7 Bd5 41.Rh4 Kd7 42.Bc5 Kc6 43.Kd4 Ba2
44.Rh8 Bb1 45.Ra8 e5+ 46.Kc3 Kb5 47.a4+ Kxa4 48.Rxa6+ Kb5  1/2-1/2

[Event "WYb18"]
[Site "Halkidiki GRE"]
[Date "2003.10.23"]
[Round "1"]
[White "Mamedyarov,S"]
[Black "Rej,T"]
[Result "1-0"]
[WhiteElo "2595"]
[BlackElo "2242"]

1.d4 d5 2.c4 c6 3.Nf3 Nf6 4.Nc3 e6 5.e3 Nbd7 6.Qc2 Bd6 7.g4 dxc4 8.Bxc4 Qe7
9.g5 Nd5 10.Bd2 Nxc3 11.Bxc3 b5 12.Be2 Bb7 13.d5 e5 14.dxc6 Bxc6 15.Rd1 O-O
16.Qd2 Bc5 17.b4 Bb6 18.Qd6 Qxd6 19.Rxd6 Rfc8 20.O-O a5 21.Rc1 Bxf3 22.Bxf3 Ra7
23.Bg4 axb4 24.Bd2 Rxc1+ 25.Bxc1 b3 26.Rxd7 Rxa2 27.Rb7 Bc5 28.Rxb5 h5 29.Bd1  1-0

[Event "WYb18"]
[Site "Halkidiki GRE"]
[Date "2003.10.23"]
[Round "1"]
[White "Kharitonov,Alexa"]
[Black "Ouakhir,M"]
[Result "1-0"]
[WhiteElo "2439"]
[BlackElo "2183"]

1.d4 d5 2.c4 e6 3.Nc3 c6 4.e3 Nf6 5.Nf3 Nbd7 6.Qc2 Bd6 7.b3 O-O 8.Bb2 Re8
9.Bd3 Qe7 10.O-O h6 11.e4 dxe4 12.Nxe4 Nxe4 13.Bxe4 e5 14.Rfe1 Qf6 15.Bf5 Bc7
16.Re3 Nf8 17.Bd3 Bg4 18.Nxe5 Bh5 19.Rae1 Bxe5 20.dxe5 Qe7 21.f4 Qc5 22.Qf2 Rad8
23.f5 Bg4 24.Bb1 g6 25.h3 Bd1 26.e6 fxe6 27.fxg6 Rd7 28.Qf6 e5 29.Bxe5  1-0

[Event "9th Medunarodni"]
[Site "Tuzla BIH"]
[Date "2003.10.23"]
[Round "9"]
[White "Kiss,At"]
[Black "Rosic,S"]
[Result "1-0"]
[WhiteElo "2397"]
[BlackElo "2304"]

1.d4 d5 2.c4 c6 3.Nf3 Nf6 4.Nc3 e6 5.e3 Nbd7 6.Bd3 Bd6 7.O-O O-O 8.e4 dxe4
9.Nxe4 Nxe4 10.Bxe4 Nf6 11.Bc2 b6 12.b3 Bb7 13.Bb2 c5 14.dxc5 Bxc5 15.Qe2 Bxf3
16.Qxf3 Bd4 17.Rad1 Bxb2 18.Rxd8 Raxd8 19.Rd1 Bd4 20.g3 Rd7 21.b4 e5 22.Kg2 Rfd8
23.Ba4 Rc7 24.Bb5 h5 25.h3 Rdc8 26.Ba6 Re8 27.a4 Kf8 28.Qa3 g6 29.Bb5 Ree7
30.a5 Ne4 31.axb6 Bxb6 32.Qf3 a6 33.Bxa6 f5 34.c5 Ba7 35.Bc4 Kg7 36.Rd8 Rcd7
37.Rg8+ Kh7 38.Qe3 Nf6 39.Ra8 Rd4 40.Qa3 Bxc5 41.bxc5 Rg7 42.Qa6 h4 43.Qxf6 Rxc4
44.Qf8  1-0

[Event "300 Years"]
[Site "St Petersburg RUS"]
[Date "2003.10.24"]
[Round "7"]
[White "Najer,E"]
[Black "Yagupov,I"]
[Result "0-1"]
[WhiteElo "2608"]
[BlackElo "2415"]

1.d4 d5 2.c4 c6 3.Nc3 Nf6 4.Nf3 e6 5.e3 Nbd7 6.Qc2 Bd6 7.g4 Bb4 8.Bd2 Qe7
9.Bd3 e5 10.cxd5 Nxd5 11.Nxd5 Bxd2+ 12.Kxd2 cxd5 13.dxe5 h5 14.g5 Nxe5 15.Nxe5 Qxe5
16.f4 Qd6 17.Rac1 O-O 18.Qc5 Qd8 19.Qc7 Qe8 20.b3 a5 21.a4 Bh3 22.f5 Bg2
23.Rhg1 Be4 24.Bb5 Qd8 25.f6 Rc8 26.Qe5 g6 27.Qe7 b6 28.Qxd8 Rcxd8 29.Rc7 Bf5
30.Re1 h4 31.Rc6 Rfe8 32.Rxb6 Re5 33.Ra6 Be4 34.Rg1 Rf5 35.h3 Rf2+ 36.Kc1 Rc8+
37.Kd1 Rb2  0-1

[Event "300 Years"]
[Site "St Petersburg RUS"]
[Date "2003.10.24"]
[Round "7"]
[White "Doroshkievich,V"]
[Black "Rumiantsev,An"]
[Result "1-0"]
[WhiteElo "2426"]
[BlackElo "2282"]

1.d4 d5 2.c4 e6 3.Nc3 c6 4.e3 Nf6 5.Nf3 Nbd7 6.Qc2 Bd6 7.Bd3 O-O 8.O-O e5
9.cxd5 cxd5 10.e4 dxe4 11.Nxe4 Nxe4 12.Bxe4 h6 13.Be3 exd4 14.Bh7+ Kh8 15.Bxd4 Nf6
16.Bf5 Qa5 17.Bxc8 Rfxc8 18.Qb3 Qc7 19.Bxf6 gxf6 20.Rad1 Be5 21.Nxe5 fxe5
22.Qh3 Qb6 23.Rd7 Rf8 24.Qf5 Qxb2 25.Qf6+ Kh7 26.Rxf7+ Rxf7 27.Qxf7+ Kh8
28.Qf6+ Kh7 29.Rd1 Qb5 30.Qf5+ Kh8 31.Rd7  1-0

[Event "300 Years Women"]
[Site "St Petersburg RUS"]
[Date "2003.10.24"]
[Round "7"]
[White "Khusnutdinova,L"]
[Black "Egorova,Ek"]
[Result "1-0"]
[WhiteElo "2301"]
[BlackElo "2121"]

1.d4 d5 2.Nf3 c6 3.c4 e6 4.Nc3 Nf6 5.e3 Nbd7 6.Qc2 Bd6 7.Bd3 O-O 8.O-O h6
9.Bd2 Re8 10.Rfe1 e5 11.cxd5 cxd5 12.Nb5 Bb8 13.dxe5 Nxe5 14.Be2 Ne4 15.Bc3 Nxc3
16.Nxc3 Qd6 17.g3 Be6 18.Red1 a6 19.Nxe5 Qxe5 20.Bf3 Rd8 21.Qb3 Ba7 22.Bxd5 Bxd5
23.Nxd5 b5 24.Rac1 Rac8 25.Rxc8 Rxc8 26.Qa3 Rc5 27.Nf4 Qf6 28.Qb3 a5 29.Qd3 Qxb2
30.Qd8+ Kh7 31.Nd3 Qe2 32.Nxc5 Bxc5 33.Qd3+  1-0

[Event "TCh-FIN 2003-4"]
[Site "Finland FIN"]
[Date "2003.10.25"]
[Round "3"]
[White "Yrjola,J"]
[Black "Norri,J"]
[Result "1/2-1/2"]
[WhiteElo "2415"]
[BlackElo "2404"]

1.d4 Nf6 2.c4 e6 3.Nf3 d5 4.Nc3 c6 5.e3 Nbd7 6.Qc2 Bd6 7.b3 O-O 8.Be2 e5
9.cxd5 cxd5 10.Nb5 Bb4+ 11.Bd2 Bxd2+ 12.Nxd2 e4 13.Rc1 Nb6 14.Qc7 a6 15.Nd6 Qxc7
16.Rxc7 Rb8 17.f3 exf3 18.gxf3 Rd8 19.Nxc8 Rdxc8 20.Rxc8+ Rxc8 21.Kd1 Ne8
22.Nb1 f5 23.Bd3 Nd6 24.Kd2 Kf7 25.Nc3 Ke6 26.h4 Nd7 27.Ne2 Nf6 28.Nf4+ Kf7
29.Be2 g6 30.Rg1  1/2-1/2